00350nam a2200121Ia 4500008004100000040001700041041001200058082001700070100002300087245006300110260004300173300001200216230917s9999||||xx |||||||||||||| ||und|| e136519aMAIN aEnglish a822.09 B813M aBrown, John Russel 0aModern british dramatists: a collection of critical essays aNew YorkbPrentice Hall of Indiac1980 a176p p.